| 000 | 01240nam a2200301 a 4500 | ||
|---|---|---|---|
| 001 | ebr10504671 | ||
| 003 | CaPaEBR | ||
| 006 | m u | ||
| 007 | cr cn||||||||| | ||
| 008 | 111125s2011 ilua sb 001 0 eng d | ||
| 020 | _z9781608052721 (e-book) | ||
| 040 |
_aCaPaEBR _cCaPaEBR |
||
| 035 | _a(OCoLC)769188169 | ||
| 050 | 1 | 4 |
_aRG104 _b.R63 2011eb |
| 245 | 0 | 0 |
_aRobotic surgery in gynecology _h[electronic resource] / _ceditors, Togas Tulandi & Arnold Advincula. |
| 260 |
_a[Oak Park, Ill.?] : _bBentham eBooks, _c[2011] |
||
| 300 |
_aiv, 75 p. : _bill. (some col.). |
||
| 490 | 0 |
_aEmerging technologies in women's health, _x2211-8535 |
|
| 504 | _aIncludes bibliographical references and index. | ||
| 533 |
_aElectronic reproduction. _bPalo Alto, Calif. : _cebrary, _d2011. _nAvailable via World Wide Web. _nAccess may be limited to ebrary affiliated libraries. |
||
| 650 | 0 |
_aGenerative organs, Female _xSurgery. |
|
| 650 | 0 | _aRobotics in medicine. | |
| 655 | 7 |
_aElectronic books. _2local |
|
| 700 | 1 |
_aTulandi, T. _q(Togas) |
|
| 700 | 1 | _aAdvincula, Arnold. | |
| 710 | 2 | _aebrary, Inc. | |
| 856 | 4 | 0 |
_uhttp://site.ebrary.com/lib/rucke/Doc?id=10504671 _zAn electronic book accessible through the World Wide Web; click to view |
| 999 |
_c114447 _d114447 |
||